000 01044nam a2200301 a 4500
001 61284
003 BD-RjUL
005 20211209080937.0
008 170116s1986 nyua j 001 0 eng d
020 _a0668059397
020 _a0668059419
035 _a(BD-RjUL)61408
040 _aDLC
_cDLC
_dDLC
_beng
041 _aeng
082 0 0 _a591.4078
_223
_bBEH 1986
100 1 _aBerman, William.
_9182780
245 1 0 _aHow to dissect :
_bexploring with probe and scalpel /
_cWilliam Berman.
250 _a4th ed.
260 _aNew York :
_bArco Pub.,
_c1986
300 _axii, 223 p. :
_bill. ;
_c24 cm.
500 _aIncludes index.
520 _aA guide for dissecting animals, beginning with the earthworm and progressing to more complex anatomies such as grasshopper, starfish, perch, and ultimately a fetal pig. Includes a chapter on dissecting flowers.
650 0 _aDissection
_xJuvenile literature.
_9182781
650 1 _aDissection.
_9182782
650 1 _aAnatomy.
_9182783
942 _2ddc
_cBK
999 _c61284
_d61284